Исследование динамических характеристик имитатора солнечной батареи ИБС-300/25; Известия Томского политехнического университета [Известия ТПУ]; Т. 312, № 4 : Энергетика

Bibliografische gegevens
Parent link:Известия Томского политехнического университета [Известия ТПУ]/ Томский политехнический университет (ТПУ).— , 2000-
Т. 312, № 4 : Энергетика.— 2008.— [С. 131-135]
Hoofdauteur: Кремзуков Ю. А.
Samenvatting:Заглавие с титульного листа
Электронная версия печатной публикации
Рассмотрен вариант построения имитатора солнечной батареи. Приведены структурная схема и вольтамперная характеристика имитатора. Произведено сравнение расчетной и экспериментальной зависимости полного выходного сопротивления (модуля комплексного сопротивления) от частоты.
Taal:Russisch
Gepubliceerd in: 2008
Reeks:Энергетика
Onderwerpen:
Online toegang:http://www.lib.tpu.ru/fulltext/v/Bulletin_TPU/2008/v312/i4/29.pdf
Formaat: Elektronisch Hoofdstuk
KOHA link:https://koha.lib.tpu.ru/cgi-bin/koha/opac-detail.pl?biblionumber=173247

MARC

LEADER 00000nla2a2200000 4500
001 173247
005 20231031164452.0
035 |a (RuTPU)RU\TPU\book\187907 
035 |a RU\TPU\book\187893 
090 |a 173247 
100 |a 20091222d2008 k y0rusy50 ca 
101 0 |a rus 
102 |a RU 
135 |a drnn ---uucaa 
181 0 |a i  
182 0 |a b 
200 1 |a Исследование динамических характеристик имитатора солнечной батареи ИБС-300/25  |b Электронный ресурс  |f Ю. А. Кремзуков 
203 |a Текст  |c электронный 
215 |a 1 файл (492 Кб) 
225 1 |a Энергетика 
230 |a Электронные текстовые данные (1 файл : 492 Кб) 
300 |a Заглавие с титульного листа 
300 |a Электронная версия печатной публикации 
320 |a [Библиогр.: с. 135 (5 назв.)] 
330 |a Рассмотрен вариант построения имитатора солнечной батареи. Приведены структурная схема и вольтамперная характеристика имитатора. Произведено сравнение расчетной и экспериментальной зависимости полного выходного сопротивления (модуля комплексного сопротивления) от частоты. 
337 |a Adobe Reader 
461 1 |0 (RuTPU)RU\TPU\book\176237  |t Известия Томского политехнического университета [Известия ТПУ]  |f Томский политехнический университет (ТПУ)  |d 2000- 
463 1 |0 (RuTPU)RU\TPU\book\187859  |t Т. 312, № 4 : Энергетика  |v [С. 131-135]  |d 2008  |p 153 с. 
610 1 |a динамические характеристики 
610 1 |a имитаторы 
610 1 |a солнечные батареи 
610 1 |a структурные схемы 
610 1 |a вольтамперные характеристики 
610 1 |a расчетные зависимости 
610 1 |a экспериментальные зависимости 
610 1 |a выходное сопротивление 
610 1 |a модуль комплексного сопротивления 
610 1 |a труды учёных ТПУ 
610 1 |a электронный ресурс 
700 1 |a Кремзуков  |b Ю. А. 
801 1 |a RU  |b 63413507  |c 20090623  |g PSBO 
801 2 |a RU  |b 63413507  |c 20211118  |g PSBO 
856 4 |u http://www.lib.tpu.ru/fulltext/v/Bulletin_TPU/2008/v312/i4/29.pdf 
942 |c CF